Province del Veneto per Popolazione - Statistics

Statistiche generali
  • Questo quiz è stato fatto 25 volte
  • Il punteggio medio è 7 su 7
Statistiche sulle risposte
Popolazione (ab.) Provincia o Città metropolitana % Corretto
852 351 Città metropolitana di Venezia
100%
937 908 Provincia di Padova
95%
926 497 Provincia di Verona
95%
862 418 Provincia di Vicenza
95%
202 950 Provincia di Belluno
90%
234 937 Provincia di Rovigo
90%
887 806 Provincia di Treviso
90%
Nessun quiz corrispondente trovato
Distribuzione punteggi
Percentuale di utenti per punteggio
Percentile per numero di risposta
I tuoi punteggi nel tempo
Non hai fatto questo quiz